Don't go round the houses (Record no. 120841)

MARC details
000 -LEADER
fixed length control field 00944cai a22001935a 4500
001 - CONTROL NUMBER
control field E149669
008 - FIXED-LENGTH DATA ELEMENTS--GENERAL INFORMATION
fixed length control field 100407u xxk g 000 0 eng d
035 ## - SYSTEM CONTROL NUMBER
System control number (Sirsi) u149669
041 0# - LANGUAGE CODE
Language code of text/sound track or separate title eng
110 2# - MAIN ENTRY--CORPORATE NAME
Corporate name or jurisdiction name as entry element Royal Institution of Chartered Surveyors
Subordinate unit Scotland
9 (RLIN) 3082
245 00 - TITLE STATEMENT
Title Don't go round the houses
Medium [electronic resource]
520 ## - SUMMARY, ETC.
Summary, etc. A mini-website created by RICS Scotland to encourage members of the public to appoint a surveyor directly when commissioning a Home Report in Scotland, rather than going through a third party. The website sets out the Home Report process and explains how to access a list of local RICS Surveyors.
590 ## - LOCAL NOTE (RLIN)
Local note KA NTK
650 24 - SUBJECT ADDED ENTRY--TOPICAL TERM
Topical term or geographic name entry element HOME REPORT
651 #4 - SUBJECT ADDED ENTRY--GEOGRAPHIC NAME
Geographic name Scotland
Chronological subdivision 1999-
690 ## - LOCAL SUBJECT ADDED ENTRY--TOPICAL TERM (OCLC, RLIN)
Topical term or geographic name as entry element PROPERTY-RESIDENTIAL PROPERTY-ACQUISITION AND DISPOSAL OF RESIDENTIAL PROPERTY
856 40 - ELECTRONIC LOCATION AND ACCESS
Uniform Resource Identifier <a href="https://www.dontgoroundthehouses.com/">https://www.dontgoroundthehouses.com/</a>
Public note View the website free of charge at www.dontgoroundthehouses.com
942 ## - ADDED ENTRY ELEMENTS (KOHA)
Suppress in OPAC 0
Holdings
Withdrawn status Lost status Source of classification or shelving scheme Damaged status Not for loan Home library Current library Shelving location Date acquired Total Checkouts Full call number Barcode Date last seen Copy number Price effective from Koha item type
    Dewey Decimal Classification     Virtual Virtual Online 07/04/2010   WEBSITE 149669-2001 06/08/2019 1 06/08/2019 Online material